Statistics for Washington Cities That Start With W

Click here to take the quiz!

General Stats

  • This quiz has been taken 7 times
  • The average score is 6 of 20

Answer Stats

#CountyCity or TownTypePopulationCity% Correct
258Walla WallaCityCode (county seat)33,871Walla Walla
100%
265ChelanCityCode (county seat)35,519Wenatchee
67%
267BentonCityCode18,185West Richland
67%
257Walla WallaCityUnclassified1,243Waitsburg
33%
259YakimaCitySecond Class4,468Wapato
33%
260GrantCityCode2,622Warden
33%
261ClarkCityCode16,835Washougal
33%
262AdamsTown198Washtucna
33%
263DouglasTown1,131Waterville
33%
266Grays HarborCityCode2,307Westport
33%
268KlickitatCityCode2,727White Salmon
33%
272LewisCityCode1,830Winlock
33%
274KingCityCode13,290Woodinville
33%
275Clark, CowlitzCityCode6,548Woodland
33%
276SnohomishCityCode1,297Woodway
33%
264SpokaneTown121Waverly
0%
269LincolnTown953Wilbur
0%
270PierceTown476Wilkeson
0%
271GrantTown205Wilson Creek
0%
273OkanoganTown572Winthrop
0%

Score Distribution

Percentile by Number Answered

Percent of People with Each Score

Your Score History

You have not taken this quiz